| 000 | 00389nam a2200145Ia 4500 | ||
|---|---|---|---|
| 005 | 20240604043038.0 | ||
| 008 | 240331s9999 xx 000 0 und d | ||
| 082 |
_bKAU _a370 |
||
| 100 | _aKaur,K | ||
| 245 | 0 | _aEducation in India(1781-1985) | |
| 260 |
_aChandigarh _bCentre for Research in Rural and Industrial Development _c1985 |
||
| 300 | _a543 p., | ||
| 650 | _aEducation | ||
| 942 | _cL | ||
| 999 |
_c4606 _d4606 |
||